| Tag |
First Indicator |
Second Indicator |
Subfields |
| LEADER |
00000cam a2200000 a 4500 |
| 001 |
in00000007857 |
| 005 |
20151002070041.0 |
| 008 |
870407s1987 lau b s00110 eng |
| 010 |
|
|
|a 87002780
|
| 020 |
|
|
|a 0807113816
|
| 035 |
|
|
|a (OCoLC)15591193
|
| 035 |
|
|
|9 AAA0196AM
|
| 040 |
|
|
|a DLC
|c DLC
|d TXA
|d UtOrBLW
|
| 050 |
0 |
0 |
|a PS3569.T2
|b Z85 1987
|
| 082 |
0 |
|
|a 813/.54
|2 19
|
| 100 |
1 |
|
|a Ryan, Maureen,
|d 1953-
|
| 245 |
1 |
0 |
|a Innocence and estrangement in the fiction of Jean Stafford /
|c Maureen Ryan.
|
| 264 |
|
1 |
|a Baton Rouge :
|b Louisiana State University Press,
|c [1987]
|
| 264 |
|
4 |
|c ©1987
|
| 300 |
|
|
|a xii, 165 pages ;
|c 24 cm.
|
| 336 |
|
|
|a text
|b txt
|2 rdacontent
|
| 337 |
|
|
|a unmediated
|b n
|2 rdamedia
|
| 338 |
|
|
|a volume
|b nc
|2 rdacarrier
|
| 504 |
|
|
|a Bibliography: pages [157]-162.
|
| 500 |
|
|
|a Includes index.
|
| 600 |
1 |
0 |
|a Stafford, Jean,
|d 1915-1979
|x Criticism and interpretation.
|
| 600 |
1 |
0 |
|a Stafford, Jean,
|d 1915-1979
|x Characters
|x Women.
|
| 650 |
|
0 |
|a Women in literature.
|
| 999 |
|
|
|a MARS
|
| 999 |
f |
f |
|s 989f0aca-e152-34c6-94bc-d99d9f368bfe
|i d84051c5-96cd-3fb0-a73d-6d19a5887307
|t 0
|
| 952 |
f |
f |
|p ric
|a Texas A&M University
|b Rellis Campus
|c Joint Library Facility
|d Remote Storage
|t 0
|e PS3569.T2 Z85 1987
|h Library of Congress classification
|i unmediated -- volume
|m A14812556941
|
| 998 |
f |
f |
|a PS3569.T2 Z85 1987
|t 0
|l Remote Storage
|